Responses for Show #2845 - Friday, January 3, 1997

Claudia Perry game 3.

Contestants

[<< previous game]

Aimee Serafini, a technical writer originally from Columbus, Ohio

Damon Raskin, a physician from Santa Monica, California

Claudia Perry, a pop music critic from San Jose, California (whose 2-day cash winnings total $23,302)

[next game >>]

Jeopardy! Round responses

ANIMALS
1990s BUSINESS
PRESIDENTIAL QUOTES
GEOGRAPHY
MUSICAL JOHNS
POTPOURRI
(Alex: ...and I have a feeling I know where Claudia is going to start.)
    $100 18
India

Claudia
    $100 6
McDonald's

Claudia
    $100 22
Abraham Lincoln

Claudia
    $100 9
Greece

Aimee
    $100 1
John Lennon

Aimee
    $100 16
(Aimee: What is [*]?)
(Alex: That's it; in what year?)
(Aimee: 1990.)
(Alex: Right.)

April 1

Aimee
    $200 23
the rays

Claudia
    $200 7
(Aimee: What is Hanes?)

Fruit of the Loom

ClaudiaAimee
    $200 25
(Alex: And we have less than a minute to go.)

Lyndon Johnson

Claudia
    $200 10
Greenland

Damon
    $200 2
John Williams

Claudia
    $200 17
[Alex reads "EDT" as "Eastern Daylight Time".]

a second

Damon
    $300 24
lizards

Aimee
    $300 8
Microsoft

Aimee
    $300 30
a fence

Damon
    $300 11
Argentina

Aimee
    $300 3
Johnny Cash

Claudia
    $300 19
the Department of Agriculture

Claudia
    $400 27
ink

Claudia
    $400 14
Coors

Claudia
    $400 26
John F. Kennedy

Damon
    $400 12
the Pyrenees

Claudia
    $400 4
John Sebastian

Claudia
    $400 20
James Naismith

Claudia
    $500 29
the leatherback turtle

Triple Stumper
    $1,000 15
General Motors

Claudia
    $500 28
McKinley

Aimee
    $500 13
St. David

Triple Stumper
    $500 5
Led Zeppelin

Claudia
    $500 21
Sacramento (or Fresno)

Aimee

Scores at the first commercial break (after clue 15):

Claudia Damon Aimee
$3,500 $200 $600

Scores at the end of the Jeopardy! Round:

Claudia Damon Aimee
$5,200 $1,100 $2,000

Double Jeopardy! Round responses

SCULPTURE
HISTORY
'30S FILM FACTS
HOLIDAYS & OBSERVANCES
LITERATURE
DEM JOINTS
    $200 10
Berlin

Aimee
    $200 17
Fred Astaire & Ginger Rogers

Aimee
    $200 1
Valentine's Day

Claudia
    $200 4
The Hunchback of Notre-Dame

Aimee
    $200 2
the jaw

Claudia
    $400 11
the Parthenon

Aimee
    $400 18
Gypsy Rose Lee

Claudia
    $400 22
Labor Day

Damon
    $400 5
Michener

Aimee
    $400 3
the hip

Aimee
    $600 28
(Claudia: SCULPTURE, $400.)
[The end-of-round signal sounds.]
...
(Alex: This is going right down to the wire in Final Jeopardy!--I love it!)

Remington

Claudia
    $600 12
Port-au-Prince

Aimee
    $600 19
Alan Ladd

Claudia
    $3,000 23
(Alex: It's fun when you get to ask the question.)

Passover

Damon
    $600 6
Cervantes

Damon
    $600 7
the knee

Aimee
    $800 26
(Claudia: What is Czechoslovakia?)
(Aimee: What is Germany?)

Hungary

ClaudiaDamonAimee
    $800 13
Syria

Claudia
    $800 20
Margaret Hamilton

Claudia
    $800 24
(Alex: [*] is right, and we have a minute to go.)

Denmark

Aimee
    $2,000 8
(Aimee: What is... Deerslayer?)
(Alex: No, Deerslayer was not by Hawthorne; it was James Fenimore Cooper.)
(Aimee: [Holds her hand on her forehead] Oh.)
(Alex: You had to go to The House--)
(Aimee: [Chuckles] It--It was Moby-Dick.)
(Alex: Not Moby-Dick either; that's--)
(Aimee: Oh, was it?)
(Alex: --Herman Melville.)
[Laughter]
(Alex: It's, uh, [*].)
(Aimee: Oh, why would I have wrong anyway?)
[Aimee murmurs something unintelligible; the audience laughs.]
(Alex: All right, good attitude! Let's start building again. Positive, Aimee; be positive.)

The House of the Seven Gables

Aimee
    $800 14
the wrist

Aimee
    $1000 27
(Claudia: Who is Rodin?)
...
(Alex: You're a little too early with Rodin; [*] is the sculptor.)

Houdon

Claudia
Triple Stumper
    $1000 15
Maria Theresa

Damon
    $1000 21
(Claudia: What is Ninotchka?)

Grand Hotel

ClaudiaAimee
    $1000 25
Thailand

Claudia
    $1000 9
(Claudia: What is "The Wind and the Lion"?)
...
(Alex: Same star, Sean Connery, but this was [*]--king of Kafiristan.)

"The Man Who Would Be King"

Claudia
Triple Stumper
    $1000 16
the shoulder

Claudia

Scores at the end of the Double Jeopardy! Round:

Claudia Damon Aimee
$7,000 $6,900 $4,800

[wagering suggestions for these scores]

Final Jeopardy! Round responses

THE WESTERN U.S.
(Alex: So it's not about New York, New Jersey or Florida.)
(Alex: [To Claudia] She wrote down her response quickly. She does that often on these Final Jeopardy!s. Usually, she's right. She picked, "What is [*]?" "Rising from the ruins"--[*] rose from the ashes--you are correct.)
[Claudia shakes her head and laughs.]
...
(Alex: Way to go! Congratulations to you and your mom, who encouraged you and trained you.)
AimeeWhat is Santa Fe?
$4,500
DamonWhat is Cheyenne?
$3,100
ClaudiaWhat is Phoenix?
$3,001
Phoenix

Final scores:

Claudia Damon Aimee
$10,001 $3,800 $300
3-day champion: $33,303 2nd place: a trip to Hawaii 3rd place: a Daewoo TV & VCR

Game dynamics:

Coryat scores:

Claudia Damon Aimee
$6,500 $4,500 $6,800
25 R
(including 1 DD),
4 W
9 R
(including 1 DD),
0 W
19 R,
3 W
(including 1 DD)

Combined Coryat: $17,800

[game clues] [game scores] [suggest correction]

Game tape date: 1996-10-24
The J! Archive is created by fans, for fans. Scraping, republication, monetization, and malicious use prohibited; this site may use cookies and collect identifying information. See terms. The Jeopardy! game show and all elements thereof, including but not limited to copyright and trademark thereto, are the property of Jeopardy Productions, Inc. and are protected under law. This website is not affiliated with, sponsored by, or operated by Jeopardy Productions, Inc. Join the discussion at JBoard.tv.